000 00979nam0a22002651 4500
001 rc\442797
005 20250621085351.0
035 _a(NLR Aleph) 005688526
090 _a7150521
_c7150521
100 _a20030616d1987 |||y0rusy50 ca
101 0 _arus
102 _aRU
105 _aa |||||||||
200 1 _aОчистка автоклавной серы
_fВсесоюз. н.-и. и проект. ин-т серн. пром-сти
210 _aМ.
_cНИИТЭхим
_d1987
215 _a65 с.
_cил.
_d20
225 1 _aУчебное пособие для рабочих профессий
_fНИИ техн.-экон. исслед. "НИИТЭхим"
320 _aБиблиогр.: с. 64 (7 назв.)
700 1 _aСенькив
_bС.И.
_gСтепан Иванович
701 1 _aЖеплинский
_bБ.М.
_gБогдан Михайлович
801 0 _aRU
_bNLR
_gpsbo
801 1 _aRU
_bELAR
_2rusmarc
852 _aNLR
_j87-4/9722
942 _cBOOK
980 _aNB